| 000 -LEADER |
| fixed length control field |
00911cam a2200289 a 4500 |
| 001 - CONTROL NUMBER |
| control field |
15119233 |
| 005 - DATE AND TIME OF LATEST TRANSACTION |
| control field |
20180308081024.0 |
| 008 - FIXED-LENGTH DATA ELEMENTS--GENERAL INFORMATION |
| fixed length control field |
071220s2008 iau b 001 0 eng d |
| 010 ## - LIBRARY OF CONGRESS CONTROL NUMBER |
| LC control number |
2007300430 |
| 020 ## - INTERNATIONAL STANDARD BOOK NUMBER |
| International Standard Book Number |
0073397156 |
| 020 ## - INTERNATIONAL STANDARD BOOK NUMBER |
| International Standard Book Number |
9780073397153 |
| 035 ## - SYSTEM CONTROL NUMBER |
| System control number |
(OCoLC)ocn145071709 |
| 040 ## - CATALOGING SOURCE |
| Original cataloging agency |
NCM |
| Transcribing agency |
NCM |
| Modifying agency |
NCM |
| -- |
PSM |
| -- |
BAKER |
| -- |
CRH |
| -- |
DLC |
| 041 ## - LANGUAGE CODE |
| Language code of text/sound track or separate title |
eng |
| 042 ## - AUTHENTICATION CODE |
| Authentication code |
lccopycat |
| 080 ## - UNIVERSAL DECIMAL CLASSIFICATION NUMBER |
| Universal Decimal Classification number |
170 SAT |
| 082 00 - DEWEY DECIMAL CLASSIFICATION NUMBER |
| Classification number |
170 SAT |
| Edition number |
22 |
| 100 ## - Rafti |
| Rafti |
24 |
| 101 ## - Shkurtesa |
| Shkurtesa |
FIL |
| 245 00 - TITLE STATEMENT |
| Title |
Taking sides. |
| Name of part/section of a work |
Clashing views on moral issues / |
| Statement of responsibility, etc |
selected, edited, and with introductions by Stephen Satris. |
| 246 30 - VARYING FORM OF TITLE |
| Title proper/short title |
Clashing views on moral issues |
| 246 30 - VARYING FORM OF TITLE |
| Title proper/short title |
Moral issues |
| 504 ## - BIBLIOGRAPHY, ETC. NOTE |
| Bibliography, etc |
Includes bibliographical references and index. |
| 906 ## - LOCAL DATA ELEMENT F, LDF (RLIN) |
| a |
7 |
| b |
cbc |
| c |
copycat |
| d |
2 |
| e |
ncip |
| f |
20 |
| g |
y-gencatlg |
| 942 ## - ADDED ENTRY ELEMENTS (KOHA) |
| Source of classification or shelving scheme |
|
| Item type |
Books |